000 00523nam#a2200193#c#4500
003 IEF
005 20180219150753.0
008 941205s1975 uuu####fr####| 0||u| |u
040 _aIEF
245 _aAction-Oriented approaches to Regional Development Planning
260 _aNew York [etc.]
_b Praeger
_c1975
300 _aXIII, 132 p.
_c23 cm.
650 4 _aPOLITICA REGIONAL
_948032
650 4 _aDESARROLLO ECONOMICO
_950224
700 1 _aBendavid Val, Avrom
_94776
942 _cLIB
942 _z39388
999 _c10324
_d10324